ছোটদের নবী কাহিনী / (Record no. 3862)
[ view plain ]
| 000 -LEADER | |
|---|---|
| fixed length control field | 00756nam a2200217 a 4500 |
| 001 - CONTROL NUMBER | |
| JCCL Control Number | 3862 |
| 003 - CONTROL NUMBER IDENTIFIER | |
| JCCL marc code | BD-JhCC |
| 005 - DATE AND TIME OF LATEST TRANSACTION | |
| control field | 20171119113235.0 |
| 008 - FIXED-LENGTH DATA ELEMENTS--GENERAL INFORMATION | |
| fixed length control field | 171119s1985 bg |||| ||a| 000 0 ben d |
| 035 ## - SYSTEM CONTROL NUMBER | |
| system control number | (BD-JhCC)3862 |
| 040 ## - CATALOGING SOURCE | |
| Original cataloging agency | BD-JhCC |
| Modifying agency | BD-JhCC |
| 041 ## - LANGUAGE CODE | |
| Language code of Book | ben |
| 082 ## - DEWEY DECIMAL CLASSIFICATION NUMBER | |
| Classification number | 297.24 |
| Author mark and Year | ASR 1985 |
| 100 ## - MAIN ENTRY--PERSONAL NAME | |
| Personal name | আশরাফ, সৈয়দ আলী |
| 245 ## - TITLE STATEMENT | |
| Title | ছোটদের নবী কাহিনী / |
| Statement of responsibility, etc | সৈয়দ আলী আশরাফ |
| Remainder of title | [আদম (আঃ) থেকে ঈসা (আঃ) পর্যন্ত] |
| 260 ## - PUBLICATION, DISTRIBUTION, ETC. (IMPRINT) | |
| Place of publication, distribution, etc | ঢাকা : |
| Name of publisher, distributor, etc | ইসলামিক ফাউন্ডেশন, |
| Date of publication, distribution, etc | 1985. |
| 300 ## - PHYSICAL DESCRIPTION | |
| Pagination | 60 p. : |
| Dimensions | 21 cm. |
| 650 ## - SUBJECT ADDED ENTRY--TOPICAL TERM | |
| Topical term or geographic name as entry element | History of the Prophets for Children |
| 942 ## - ADDED ENTRY ELEMENTS (KOHA) | |
| Source of classification or shelving scheme | Dewey Decimal Classification |
| Koha item type | Books |
| Source of classification or shelving scheme | Damaged status | Not for loan | Home library | Current library | Shelving location | Date of accession | Cost, normal purchase price | Total Checkouts | Full call number | Barcode | Date last seen | Copy number | Koha item type |
|---|---|---|---|---|---|---|---|---|---|---|---|---|---|
| Dewey Decimal Classification | JCC Rouf Library | JCC Rouf Library | General Stacks | 11/19/2017 | 16.00 | 297.24 ASR 1985 | 5336 | 11/19/2017 | C-1 | Books |